Statistics for 5-Letter Word Chain Game #3

Click here to take the quiz!

General Stats

  • This quiz has been taken 73,630 times
  • The average score is 23 of 32

Answer Stats

HintAnswer% Correct
Land of the pharaohsEgypt
99%
Animal with one hump or twoCamel
93%
Blue jean materialDenim
89%
SorceryMagic
88%
Poe's first nameEdgar
85%
Sport with scrumsRugby
83%
Higher than baritoneTenor
83%
Stereotypical French hatBeret
81%
Dalai Lama's home countryTibet
81%
Its wasted on the youngYouth
80%
Like a circleRound
79%
Game that asks "how low can you go"Limbo
78%
Head covering for Muslim women
Hijab
76%
Bulb with countless layersOnion
76%
InebriatedDrunk
74%
U.S. city with a large Cuban populationMiami
73%
Gaddafi's countryLibya
72%
Belly buttonNavel
71%
Homeric epicIliad
70%
Seventeen syllable poemHaiku
69%
Honeycrisp, pink lady, etc ...Apple
67%
Milk producing organUdder
63%
Clumsy personKlutz
62%
Gomorrah's partner in crimeSodom
59%
Zero, zip, nadaZilch
58%
Instrument used in bluegrass musicBanjo
57%
AscendClimb
56%
Religious artifactRelic
56%
Joaquin's brotherRiver
54%
Bottomless pitAbyss
49%
"The Magic Flute", for exampleOpera
49%
This symbol: ~Tilde
44%

Score Distribution

Percentile by Number Answered

Percent of People with Each Score

Your Score History

You have not taken this quiz